000 00612cam a22002173a 4500
001 41363
003 PGUSA
005 20140828083930.0
008 121114s2012||||xxu|||||s|||||000 | eng d
040 _aPGUSA
_beng
042 _adc
100 1 _aVerne, Jules,
_d1828-1905
245 1 0 _aSalaperäinen saari :
_bSeikkailukertomus
_h[electronic resource] /
_cJules Verne
260 _bProject Gutenberg,
_c2012
506 _aPublic domain in the USA.
516 _aElectronic text
700 1 _aSamuli S.
830 0 _aProject Gutenberg
_v41363
856 4 0 _uhttp://www.gutenberg.org/ebooks/41363
942 _cEB
999 _c270615
_d270615